Score 0/30 Timer 06:00
8 Plays Today
% Correct
BURGLARY
88.7%
ITALIAN
88.2%
LARYNGITIS
87.8%
SIMPLE PRESENT
86.9%
GREECE
86.6%
SIMPLE FUTURE
85.3%
EXEMPLARY
85.2%
SOUTH KOREA
84%
GERMAN
82.2%
CABBAGE
80.5%
FUTURE
PROGRESSIVE
79.6%
ANCILLARY
79%
BASQUE
78.6%
KLINGON
76.5%
RADISH
76.3%
% Correct
PAST PERFECT
PROGRESSIVE
74.1%
MANDARIN
73.4%
ZUCCHINI
72.3%
KYRGYZSTAN
71.8%
PAKISTAN
71.5%
KHMER
71.3%
ROMANIAN
71.1%
ENGLISH
68.4%
COROLLARY
64.9%
PUMPKIN
64.3%
ESPERANTO
62.1%
WELSH
59.5%
GARLIC
53.5%
PRESENT PERFECT
51.7%
GEORGIA
50.3%
Remove Ads.
Support Sporcle.
Get the best of Sporcle when you Go Orange. This ad-free experience offers more features, more stats, and more fun while also helping to support Sporcle. Thank you for becoming a member.

You're not logged in!

Compare scores with friends on all Sporcle quizzes.
OR
Log In

Show Comments

Extras

Top Quizzes Today


Score Distribution

Your Account Isn't Verified!

In order to create a playlist on Sporcle, you need to verify the email address you used during registration. Go to your Sporcle Settings to finish the process.

Report this User

Report this user for behavior that violates our Community Guidelines.

Details: